[Event "Andorra op 39th"]
[Site "Escaldes"]
[Date "2023.07.22"]
[Round "1"]
[White "Defromont, Benjamin"]
[Black "Picatoste Verdejo, Sergio"]
[Result "1-0"]
[WhiteElo "2445"]
[BlackElo "1857"]
[PlyCount "77"]
[EventDate "2023.07.22"]
[EventType "swiss"]
[EventRounds "9"]
[EventCountry "AND"]
[SourceTitle "CBM 215 Extra"]
[Source "ChessBase"]
[SourceDate "2023.09.30"]
[SourceVersion "1"]
[SourceVersionDate "2023.09.30"]
[SourceQuality "1"]

1. e4 c5 2. Nf3 d6 3. Bb5+ Bd7 4. Bxd7+ Qxd7 5. 0-0 Nc6 6. c3 Nf6 7. d4 e5 8. d5 Nb8 9. Qe2 Be7 10. a4 0-0 11. Nbd2 Qc7 12. a5 Nbd7 13. a6 Rfb8 14. axb7 Rxb7 15. Nc4 a5 16. Bd2 Rba7 17. Ra2 Ne8 18. Ne1 Bd8 19. f4 f6 20. Qh5 Be7 21. Rf3 g6 22. Qh3 Nf8 23. Nd3 Qd7 24. Qxd7 Nxd7 25. Rf1 Bd8 26. Rfa1 Bb6 27. Be3 Ra6 28. b4 cxb4 29. Nxb6 Nxb6 30. cxb4 Nc4 31. b5 Nxe3 32. bxa6 Rxa6 33. Rxa5 Rxa5 34. Rxa5 Ng4 35. Ra8 Kf8 36. Nc5 Nh6 37. Ne6+ Kf7 38. Ra7+ Kg8 39. Re7 1-0

[Event "Andorra op 36th"]
[Site "Escaldes"]
[Date "2018.07.21"]
[Round "1"]
[White "Picatoste Verdejo, Sergio"]
[Black "Aloma Vidal, Roberto"]
[Result "0-1"]
[WhiteElo "1893"]
[BlackElo "2433"]
[PlyCount "86"]
[EventDate "2018.07.21"]
[EventType "swiss"]
[EventRounds "9"]
[EventCountry "AND"]
[SourceTitle "CBM 185 Extra"]
[Source "ChessBase"]
[SourceDate "2018.07.29"]
[SourceVersion "1"]
[SourceVersionDate "2018.07.29"]
[SourceQuality "1"]

1. e4 c5 2. Nc3 a6 3. a4 e6 4. g3 d5 5. Bg2 d4 6. Nb1 d3 7. cxd3 Nc6 8. Nf3 Qxd3 9. Qe2 Nb4 10. Qxd3 Nxd3+ 11. Ke2 c4 12. Nc3 Bc5 13. Rf1 Ne7 14. b3 Nxc1+ 15. Rfxc1 cxb3 16. Rcb1 Nc6 17. Rxb3 e5 18. Nd5 0-0 19. Rc1 Ba7 20. Ke1 Rb8 21. Rb2 h6 22. Rcb1 Re8 23. Ng1 Bd4 24. Rc2 Bg4 25. h3 Bd7 26. Ne2 Ba7 27. Rcb2 Na5 28. Nec3 Bd4 29. Bf1 Rbc8 30. Rb4 Be6 31. g4 Kf8 32. f3 Red8 33. Be2 g6 34. Bd1 Kg7 35. Be2 h5 36. Bf1 Rh8 37. Bg2 Kh6 38. Ke2 Bc5 39. R4b2 Kg5 40. Kd3 Rhd8 41. Ke2 Kh4 42. Kf1 Bd4 43. Rb4 Nc4 0-1

[Event "Andorra op 35th"]
[Site "Escaldes"]
[Date "2017.07.22"]
[Round "1"]
[White "Picatoste Verdejo, Sergio"]
[Black "Llorente Zaro, Alfonso"]
[Result "0-1"]
[WhiteElo "1916"]
[BlackElo "2464"]
[PlyCount "68"]
[EventDate "2017.07.22"]
[EventType "swiss"]
[EventRounds "9"]
[EventCountry "AND"]
[SourceTitle "CBM 179 Extra"]
[Source "ChessBase"]
[SourceDate "2017.08.23"]
[SourceVersion "1"]
[SourceVersionDate "2017.08.23"]
[SourceQuality "1"]

1. e4 e6 2. d3 d5 3. Nd2 Nf6 4. Ngf3 c5 5. g3 Nc6 6. Bg2 Be7 7. 0-0 0-0 8. Re1 b5 9. e5 Nd7 10. Nf1 b4 11. h4 a5 12. Bf4 a4 13. a3 Nd4 14. N1h2 bxa3 15. bxa3 Rb8 16. Nxd4 cxd4 17. Qg4 Re8 18. Bh6 Bf8 19. h5 f5 20. Qg5 Ba6 21. Qxd8 Rexd8 22. Bc1 Rb6 23. Nf3 Bc5 24. Bf1 Rdb8 25. Bf4 Rb2 26. Rec1 Ba7 27. Be2 h6 28. Bd1 Nxe5 29. Ne1 Bb6 30. Rcb1 Ba5 31. Rxb2 Rxb2 32. Bc1 Rb6 33. Kf1 Bc3 34. Ra2 Rb1 0-1

[Event "La Pobla de Lillet op 24th"]
[Site "La Pobla de Lillet"]
[Date "2014.08.04"]
[Round "3"]
[White "Garcia Castellote, Oscar"]
[Black "Picatoste Verdejo, Sergio"]
[Result "1-0"]
[WhiteElo "2058"]
[BlackElo "1906"]
[PlyCount "57"]
[EventDate "2014.08.02"]
[EventType "swiss"]
[EventRounds "9"]
[EventCountry "ESP"]
[SourceTitle "EXT 2017"]
[Source "ChessBase"]
[SourceDate "2016.10.25"]
[SourceVersion "1"]
[SourceVersionDate "2016.10.25"]
[SourceQuality "1"]

1. e4 g6 2. d4 Bg7 3. c4 d6 4. Nc3 Nc6 5. Be3 e5 6. d5 Nce7 7. g4 Nf6 8. f3 0-0 9. Qd2 h5 10. h3 Kh7 11. Bd3 a6 12. Nge2 Bd7 13. Ng3 Neg8 14. Bg5 Qc8 15. Nce2 Re8 16. Rc1 b6 17. Qe3 Kh8 18. gxh5 gxh5 19. Qf2 Nh7 20. Nxh5 Nxg5 21. Nxg7 Kxg7 22. Rg1 Kf8 23. Rxg5 Bxh3 24. Qh4 Bd7 25. f4 f6 26. Rg3 Re7 27. Qh8 Bg4 28. Kd2 exf4 29. Nxf4 1-0

[Event "Graz op-A"]
[Site "Graz"]
[Date "2004.09.08"]
[Round "5"]
[White "Steininger, Denis"]
[Black "Picatoste Verdejo, Sergio"]
[Result "1-0"]
[WhiteElo "2081"]
[BlackElo "1972"]
[PlyCount "101"]
[EventDate "2004.09.04"]
[EventType "swiss"]
[EventRounds "9"]
[EventCountry "AUT"]
[SourceTitle "EXT 2006"]
[Source "ChessBase"]
[SourceDate "2005.11.24"]
[SourceVersion "1"]
[SourceVersionDate "2005.11.24"]
[SourceQuality "1"]

1. e4 e6 2. d4 d5 3. Nc3 Nf6 4. e5 Nfd7 5. f4 c5 6. Nf3 Nc6 7. Be3 cxd4 8. Nxd4 Nxd4 9. Bxd4 a6 10. Be2 Bc5 11. Bf3 Bxd4 12. Qxd4 Qb6 13. Qxb6 Nxb6 14. Ne2 Bd7 15. b3 Rb8 16. Nd4 h5 17. g3 g6 18. Kd2 Ke7 19. h3 Na8 20. a4 Nc7 21. c4 Rhd8 22. Rac1 Be8 23. c5 Bc6 24. Be2 Rbc8 25. g4 hxg4 26. hxg4 Rh8 27. Ra1 Rxh1 28. Rxh1 Bd7 29. Rc1 Bc6 30. Rh1 Bd7 31. Ke3 Ne8 32. Rc1 Bc6 33. f5 gxf5 34. gxf5 exf5 35. Nxf5+ Ke6 36. Kf4 f6 37. Nd4+ Ke7 38. Rh1 fxe5+ 39. Kxe5 Bd7 40. Rh7+ Kd8 41. b4 Rc7 42. Bh5 Bh3 43. Rh8 Re7+ 44. Kxd5 Bg2+ 45. Kc4 Bf1+ 46. Kc3 Re3+ 47. Kd2 Re5 48. Nf3 Re7 49. Ng5 Bc4 50. Nh7 Kd7 51. Bxe8+ 1-0

[Event "Dortmund op-A"]
[Site "Dortmund"]
[Date "2003.08.07"]
[Round "6"]
[White "Picatoste Verdejo, Sergio"]
[Black "Baeumler, Ilja"]
[Result "1/2-1/2"]
[WhiteElo "2150"]
[BlackElo "2095"]
[PlyCount "87"]
[EventDate "2003.08.01"]
[EventType "swiss"]
[EventRounds "9"]
[EventCountry "GER"]
[SourceTitle "CBM 095 Extra"]
[Source "ChessBase"]
[SourceDate "2003.09.04"]
[SourceVersion "1"]
[SourceVersionDate "2003.09.04"]
[SourceQuality "1"]

1. e4 e6 2. d3 d5 3. Nd2 Nf6 4. Ngf3 Be7 5. g3 c5 6. Bg2 Nc6 7. 0-0 b5 8. Re1 a5 9. c3 Rb8 10. e5 Nd7 11. d4 Ba6 12. h4 a4 13. Nf1 Nb6 14. N1h2 Qd7 15. Ng5 b4 16. dxc5 Bxc5 17. Nh3 bxc3 18. bxc3 a3 19. Qg4 Kf8 20. Nf4 Ne7 21. h5 Nf5 22. Nf3 Na4 23. Nh4 Nxh4 24. gxh4 Nxc3 25. h6 g6 26. Nh5 Ne2+ 27. Rxe2 Bxe2 28. Nf6 Qb5 29. Qf4 Qb4 30. Qxb4 Bxb4 31. Rb1 Rc8 32. Bg5 Be7 33. Rb7 Bxf6 34. Bxf6 Rg8 35. f4 Bc4 36. Ra7 Bxa2 37. Rxa3 Bc4 38. Ra7 Bb5 39. Kf2 Rc2+ 40. Kg3 Rc8 41. Bh3 Rc3+ 42. Kh2 Rc2+ 43. Kg1 Rc8 44. Kf2 1/2-1/2

[Event "Dortmund op-A"]
[Site "Dortmund"]
[Date "2003.08.03"]
[Round "3"]
[White "Zelba, Maurizio"]
[Black "Picatoste Verdejo, Sergio"]
[Result "1/2-1/2"]
[WhiteElo "2114"]
[BlackElo "2150"]
[PlyCount "72"]
[EventDate "2003.08.01"]
[EventType "swiss"]
[EventRounds "9"]
[EventCountry "GER"]
[SourceTitle "CBM 095 Extra"]
[Source "ChessBase"]
[SourceDate "2003.09.04"]
[SourceVersion "1"]
[SourceVersionDate "2003.09.04"]
[SourceQuality "1"]

1. d4 e6 2. c4 Nf6 3. Nc3 Bb4 4. e3 Nc6 5. Bd3 e5 6. a3 Bxc3+ 7. bxc3 d6 8. Qc2 0-0 9. Nf3 Re8 10. d5 Ne7 11. e4 b6 12. 0-0 Ng6 13. Ne1 Qe7 14. Bd2 a5 15. g3 Nd7 16. Ng2 Nc5 17. Rae1 Qd7 18. f4 f6 19. f5 Nf8 20. g4 Qa4 21. Qxa4 Nxa4 22. Rf3 Ba6 23. Ne3 Nb2 24. Bf1 Nd7 25. Rb1 Na4 26. Bd3 Nac5 27. Bc2 Kf7 28. h4 Ke7 29. Rg3 Rh8 30. Kf2 Rag8 31. a4 Nb8 32. Rbg1 Bc8 33. Nd1 Bd7 34. Nb2 Be8 35. g5 Bf7 36. R1g2 Nba6 1/2-1/2

[Event "Dresden ZMD op"]
[Site "Dresden"]
[Date "2003.07.26"]
[Round "2"]
[White "Klemm, Dietmar"]
[Black "Picatoste Verdejo, Sergio"]
[Result "1-0"]
[WhiteElo "2215"]
[BlackElo "2150"]
[PlyCount "63"]
[EventDate "2003.07.25"]
[EventType "swiss"]
[EventRounds "9"]
[EventCountry "GER"]
[SourceTitle "EXT 2004"]
[Source "ChessBase"]
[SourceDate "2003.11.25"]
[SourceVersion "1"]
[SourceVersionDate "2003.11.25"]
[SourceQuality "1"]

1. d4 e6 2. c4 Nf6 3. Nf3 Bb4+ 4. Bd2 Qe7 5. a3 Bxd2+ 6. Nfxd2 Nc6 7. e3 a5 8. Nc3 0-0 9. Be2 d6 10. 0-0 e5 11. Nd5 Qd8 12. Nxf6+ Qxf6 13. d5 Nb8 14. Qc2 Na6 15. Rab1 Qe7 16. b4 axb4 17. axb4 f5 18. Rfe1 Rf6 19. Nf1 Bd7 20. f4 Re8 21. Qc3 Rh6 22. fxe5 dxe5 23. c5 Nb8 24. b5 Qg5 25. Bc4 Kh8 26. c6 Bc8 27. Qa5 f4 28. Qxc7 Bh3 29. Rb2 Rg6 30. Qf7 Rc8 31. exf4 Qh4 32. Re4 1-0

[Event "Saarlouis op 4th"]
[Site "Saarlouis"]
[Date "2001.05.25"]
[Round "7"]
[White "Klein, Joerg"]
[Black "Picatoste Verdejo, Sergio"]
[Result "1-0"]
[WhiteElo "1952"]
[BlackElo "2075"]
[PlyCount "63"]
[EventDate "2001.05.??"]
[EventType "swiss"]
[EventRounds "9"]
[EventCountry "GER"]
[SourceTitle "EXT 2006"]
[Source "ChessBase"]
[SourceDate "2005.11.24"]
[SourceVersion "1"]
[SourceVersionDate "2005.11.24"]
[SourceQuality "1"]

1. e4 e6 2. d3 d5 3. Nd2 c5 4. Ngf3 Nc6 5. g3 Bd6 6. Bg2 Nge7 7. 0-0 d4 8. Ne1 e5 9. f4 Qc7 10. Nc4 Be6 11. Nxd6+ Qxd6 12. Nf3 Bg4 13. a3 f6 14. Qe1 0-0 15. h3 Bh5 16. g4 Bf7 17. f5 c4 18. g5 cxd3 19. cxd3 Bh5 20. Qh4 Bxf3 21. Rxf3 Rf7 22. Rg3 fxg5 23. Bxg5 Rc8 24. Bf3 Rc7 25. Bd1 Rf8 26. Bb3+ Kh8 27. Rf1 Rb8 28. f6 Ng6 29. fxg7+ Rxg7 30. Bf6 Nce7 31. Bxg7+ Kxg7 32. Rf7+ 1-0

[Event "Saarlouis op 4th"]
[Site "Saarlouis"]
[Date "2001.05.23"]
[Round "6"]
[White "Picatoste Verdejo, Sergio"]
[Black "Horvath, Peter"]
[Result "0-1"]
[WhiteElo "2075"]
[BlackElo "2416"]
[PlyCount "48"]
[EventDate "2001.05.??"]
[EventType "swiss"]
[EventRounds "9"]
[EventCountry "GER"]
[SourceTitle "EXT 2006"]
[Source "ChessBase"]
[SourceDate "2005.11.24"]
[SourceVersion "1"]
[SourceVersionDate "2005.11.24"]
[SourceQuality "1"]

1. c4 e6 2. Nf3 d5 3. cxd5 exd5 4. d4 Nf6 5. Nc3 Bb4 6. Bg5 Nbd7 7. e3 c5 8. a3 Bxc3+ 9. bxc3 Qa5 10. Qb3 Ne4 11. Rc1 cxd4 12. exd4 Nxg5 13. Nxg5 0-0 14. Be2 Re8 15. Rc2 Qa6 16. Kf1 Qg6 17. h4 Nf6 18. Rc1 Bf5 19. Qd1 h6 20. Nh3 Ne4 21. Bf3 Rac8 22. Bxe4 Rxe4 23. g3 Rce8 24. Nf4 Rxf4 0-1

[Event "Barcelona La Lira op"]
[Site "Barcelona"]
[Date "1995.??.??"]
[Round "6"]
[White "Picatoste Verdejo, Sergio"]
[Black "Diaz Rubi, Felipe"]
[Result "1/2-1/2"]
[WhiteElo "2125"]
[BlackElo "2040"]
[PlyCount "88"]
[EventDate "1995.04.??"]
[EventType "swiss"]
[EventRounds "9"]
[EventCountry "ESP"]
[SourceTitle "EXT 2003"]
[Source "ChessBase"]
[SourceDate "2002.11.25"]
[SourceVersion "1"]
[SourceVersionDate "2002.11.25"]
[SourceQuality "1"]

1. d4 Nf6 2. c4 e6 3. Nc3 Bb4 4. Qc2 0-0 5. Bg5 c5 6. dxc5 Na6 7. Nf3 Nxc5 8. a3 Bxc3+ 9. Qxc3 Nce4 10. Bxf6 Nxf6 11. e3 b6 12. Be2 Bb7 13. 0-0 Qc7 14. Qd4 Rac8 15. b4 Ba6 16. Rac1 d5 17. cxd5 Qxc1 18. Bxa6 Qxa3 19. Bxc8 Rxc8 20. dxe6 fxe6 21. Qd6 Qa2 22. Nd4 Kf7 23. Nc6 Re8 24. Qc7+ Kg8 25. h3 Nd5 26. Qd7 Nf6 27. Qxa7 Qxa7 28. Nxa7 Nd5 29. Rb1 Ra8 30. Nc6 Kf7 31. Rb3 Ra2 32. g3 Rc2 33. b5 Kf6 34. Kg2 Nc7 35. Nd4 Rc5 36. f4 e5 37. fxe5+ Kxe5 38. Kf3 Kd5 39. Ke2 Kc4 40. Rb1 Nxb5 41. Nxb5 Rxb5 42. Rc1+ Kb4 43. Rb1+ Kc4 44. Rc1+ Kb4 1/2-1/2